| 000 | 01389nam0a2200349 i 4500 | ||
|---|---|---|---|
| 001 | RU\NLR\BIBL_A\010410706 | ||
| 005 | 20241103072948.0 | ||
| 010 |
_a9785906200082 _9700 |
||
| 021 |
_aRU _b2014-32473 _91985 |
||
| 035 | _a(NILC)RuMoRGB-007483158 | ||
| 035 | _a(NLR Aleph) 010410706 | ||
| 090 |
_a9755773 _c9755773 |
||
| 100 | _a20140701d2014 km y0rusy50 ca | ||
| 101 | 0 | _arus | |
| 102 | _aRU | ||
| 105 | _aac||z|||000yy | ||
| 200 | 1 |
_aСамозарядные и автоматические винтовки Токарева _e[справочник] _fР. Н. Чумак |
|
| 210 |
_aСанкт-Петербург _cАтлант _d2014 |
||
| 215 |
_a335 с. _cил., портр., табл., цв. ил. _d27 |
||
| 225 | 1 | _aЭнциклопедия Русской Армии | |
| 300 | _aНа обороте тит. л. авт.: Чумак Р.Н. к.т.н. | ||
| 320 | _aБиблиогр.: с. 328-331 | ||
| 320 | _aДр. работы авт. в тексте аннот. | ||
| 320 | _aИмен. указ.: с. 327 | ||
| 606 |
_aСВТ-40, винтовки самозарядные 7,62 мм обр. 1940 г. _92189560 _3RU\NLR\AUTH\6601552153 |
||
| 686 | 1 | _aЦ521.21 | |
| 700 | 1 |
_aЧумак _bР.Н. _gРуслан Николаевич |
|
| 801 | 0 |
_aRU _bРГБ _c20140430 _gRCR |
|
| 942 | _cBOOK | ||
| 980 | _aNBR | ||